Computer installation and troubleshooting / (Record no. 185114)
[ view plain ]
| 000 -LEADER | |
|---|---|
| fixed length control field | 00674nam a2200205Ia 4500 |
| 005 - DATE AND TIME OF LATEST TRANSACTION | |
| control field | 20220706141505.0 |
| 008 - FIXED-LENGTH DATA ELEMENTS--GENERAL INFORMATION | |
| fixed length control field | 210716s2001 xx 000 0 und d |
| 020 ## - INTERNATIONAL STANDARD BOOK NUMBER | |
| International Standard Book Number | 8188057002 |
| 040 ## - CATALOGING SOURCE | |
| Transcribing agency | AIMIT LIBRARY |
| 041 ## - LANGUAGE CODE | |
| Language code of text/sound track or separate title | eng |
| 082 ## - DEWEY DECIMAL CLASSIFICATION NUMBER | |
| Classification number | 006.62 |
| Edition number | 1 |
| Item number | RADM |
| 100 ## - MAIN ENTRY--PERSONAL NAME | |
| Personal name | Radhakrishnan, M. |
| 9 (RLIN) | 47245 |
| 245 ## - TITLE STATEMENT | |
| Title | Computer installation and troubleshooting / |
| Statement of responsibility, etc. | By M. Radhakrishnan and D. Balasubramanian. |
| 250 ## - EDITION STATEMENT | |
| Edition statement | 1st ed. |
| 260 ## - PUBLICATION, DISTRIBUTION, ETC. | |
| Place of publication, distribution, etc. | New Delhi : |
| Name of publisher, distributor, etc. | Learning Materials Centre , |
| Date of publication, distribution, etc. | 2001. |
| 300 ## - PHYSICAL DESCRIPTION | |
| Extent | xi,8.31,I.vip. ; |
| Other physical details | PB |
| Dimensions | 27.6 cm. |
| 650 ## - SUBJECT ADDED ENTRY--TOPICAL TERM | |
| Topical term or geographic name entry element | Microcontrollers & Microprocessors. |
| 9 (RLIN) | 47246 |
| 700 ## - ADDED ENTRY--PERSONAL NAME | |
| Personal name | Balasubramanian, D. |
| 9 (RLIN) | 47263 |
| 942 ## - ADDED ENTRY ELEMENTS (KOHA) | |
| Source of classification or shelving scheme | Dewey Decimal Classification |
| Koha item type | Book |
| Edition | 1st |
| Call number prefix | 006.62 RADM |
| Withdrawn status | Lost status | Source of classification or shelving scheme | Damaged status | Not for loan | Collection code | Home library | Current library | Date acquired | Source of acquisition | Total Checkouts | Full call number | Barcode | Date last seen | Price effective from | Koha item type | Cost, normal purchase price | Inventory number | Cost, replacement price |
|---|---|---|---|---|---|---|---|---|---|---|---|---|---|---|---|---|---|---|
| Dewey Decimal Classification | MCA | St Aloysius Institute of Management & Information Technology | St Aloysius Institute of Management & Information Technology | 07/16/2021 | Donated | 006.62 RADM | MCA04622 | 05/23/2026 | 07/16/2021 | Donated Books | ||||||||
| Dewey Decimal Classification | MCA | St Aloysius Institute of Management & Information Technology | St Aloysius Institute of Management & Information Technology | 07/06/2022 | School Book Company | 006.62 RADM | MCA04763 | 05/23/2026 | 07/16/2021 | Book | 290.00 | Bill no:9473; Bill dt:2002-12-30 | 246.50 |